Záruka EÚ pre mladých ľudí: prijali sa prvé kroky, ale vykonávanie čelí rizikám osobitná správa č. 03 : (podľa článku 287 ods. 4 druhého pododseku ZFEÚ)

Salvato in:
Dettagli Bibliografici
Ente Autore: European Court of Auditors
Natura: Libro
Lingua:slovacco
Pubblicazione: Luxemburg Úrad pre vydávanie publikácií Európskej únie 2015
Soggetti:
Tags: Aggiungi Tag
Nessun Tag, puoi essere il primo ad aggiungerne!!

MARC

LEADER 00000nam a2200000 4500
001 0203982
005 20240318130114.8
020 |a 978-92-872-2033-2 
022 |a 1831-0931 
041 0 |a slo 
044 |a LU 
245 1 0 |a Záruka EÚ pre mladých ľudí: prijali sa prvé kroky, ale vykonávanie čelí rizikám  |b osobitná správa č. 03 : (podľa článku 287 ods. 4 druhého pododseku ZFEÚ) 
264 1 |a Luxemburg  |b Úrad pre vydávanie publikácií Európskej únie  |c 2015 
300 |a 48 s. 
610 2 0 |a audit 
610 2 0 |a revízia 
610 2 0 |a nezamestnanosť 
610 2 0 |a politika zamestnanosti 
610 2 0 |a mládež 
710 2 |a European Court of Auditors